[Event "Titled Tuesday intern op 6th June"]
[Site "Chess.com INT"]
[Date "2017.06.06"]
[Round "8"]
[White "Chen, Forest"]
[Black "Rakotomaharo, Fy Antenaina"]
[Result "0-1"]
[WhiteElo "1946"]
[BlackElo "2424"]
[PlyCount "76"]
[EventDate "2017.06.06"]
[EventType "swiss (blitz)"]
[EventRounds "10"]
[EventCountry "USA"]
[SourceTitle "EXT 2021"]
[Source "ChessBase"]
[SourceDate "2020.10.23"]
[SourceVersion "1"]
[SourceVersionDate "2020.10.23"]
[SourceQuality "1"]

1. d4 Nf6 2. c4 g6 3. f3 d5 4. cxd5 Nxd5 5. e4 Nb6 6. Nc3 Bg7 7. Be3 0-0 8. Qd2 Nc6 9. 0-0-0 a5 10. h4 a4 11. h5 Na5 12. Bh6 Nac4 13. Bxc4 Nxc4 14. Qf4 e5 15. dxe5 Bxe5 16. Qg5 Qxg5+ 17. Bxg5 a3 18. b3 Nb2 19. Nge2 Nxd1 20. Nxd1 Be6 21. Ne3 Bxb3 22. f4 Bb2+ 23. Kb1 Ba4 24. e5 Bb5 25. Nc1 Bc6 26. Kc2 Be4+ 27. Kd2 Ra4 28. Nb3 b6 29. hxg6 fxg6 30. Ke2 c5 31. Rd1 c4 32. Nd4 Bd3+ 33. Kf3 Bxd4 34. Nd5 Bxe5 35. Ne7+ Kg7 36. Ke3 Bd6 37. Nd5 Re8+ 38. Kf3 Be2+ 0-1

[Event "Titled Tuesday intern op 6th June"]
[Site "Chess.com INT"]
[Date "2017.06.06"]
[Round "5"]
[White "Chen, Forest"]
[Black "Stearman, Josiah P"]
[Result "1-0"]
[WhiteElo "1946"]
[BlackElo "2154"]
[PlyCount "57"]
[EventDate "2017.06.06"]
[EventType "swiss (blitz)"]
[EventRounds "10"]
[EventCountry "USA"]
[SourceTitle "EXT 2021"]
[Source "ChessBase"]
[SourceDate "2020.10.23"]
[SourceVersion "1"]
[SourceVersionDate "2020.10.23"]
[SourceQuality "1"]

1. d4 d5 2. c4 c6 3. cxd5 cxd5 4. Bf4 Nc6 5. Nc3 g6 6. e3 Bg7 7. Bd3 a6 8. Rc1 Nf6 9. h3 0-0 10. Nf3 h5 11. 0-0 Bd7 12. Na4 Ne4 13. Bxe4 dxe4 14. Nd2 Bf5 15. Nc5 Qd5 16. Qb3 e6 17. Qxd5 exd5 18. Nxb7 Nb4 19. Bd6 Nd3 20. Bxf8 Bxf8 21. Rc2 Rb8 22. Nc5 Nb4 23. Rc3 a5 24. a3 Bxc5 25. dxc5 Nc6 26. Rb1 d4 27. Rc4 dxe3 28. fxe3 Rb3 29. Nxb3 1-0

[Event "Titled Tuesday intern op 6th June"]
[Site "Chess.com INT"]
[Date "2017.06.06"]
[Round "6"]
[White "Dang, Hoang Son"]
[Black "Chen, Forest"]
[Result "1-0"]
[WhiteElo "2288"]
[BlackElo "1946"]
[PlyCount "54"]
[EventDate "2017.06.06"]
[EventType "swiss (blitz)"]
[EventRounds "10"]
[EventCountry "USA"]
[SourceTitle "EXT 2021"]
[Source "ChessBase"]
[SourceDate "2020.10.23"]
[SourceVersion "1"]
[SourceVersionDate "2020.10.23"]
[SourceQuality "1"]

1. d4 d5 2. c4 c6 3. Nf3 Nf6 4. e3 e6 5. b3 Nbd7 6. Bd3 b6 7. 0-0 Bb7 8. Bb2 Bd6 9. Nbd2 0-0 10. Ne5 c5 11. Qe2 Ne4 12. Rad1 f5 13. Ndf3 cxd4 14. exd4 Rc8 15. Nxd7 Qxd7 16. Ne5 Bxe5 17. dxe5 Qc7 18. Bxe4 fxe4 19. Qg4 Rce8 20. Ba3 Rf5 21. Bd6 Qf7 22. cxd5 exd5 23. Rc1 Rfxe5 24. Rc7 R5e7 25. Bxe7 Rxe7 26. Rxb7 Rxb7 27. Qc8+ Qf8 1-0

[Event "Titled Tuesday intern op 3rd Jan 10am"]
[Site "Chess.com INT"]
[Date "2017.01.03"]
[Round "2"]
[White "Chen, Forest"]
[Black "Diaz, Conrado"]
[Result "1-0"]
[WhiteElo "1946"]
[BlackElo "2237"]
[PlyCount "119"]
[EventDate "2017.01.03"]
[EventType "swiss (blitz)"]
[EventRounds "9"]
[EventCountry "USA"]
[SourceTitle "EXT 2021"]
[Source "ChessBase"]
[SourceDate "2020.10.23"]
[SourceVersion "1"]
[SourceVersionDate "2020.10.23"]
[SourceQuality "1"]

1. d4 Nf6 2. c4 Nc6 3. f3 e5 4. d5 Ne7 5. e4 Ng6 6. Nc3 Bc5 7. Bd3 d6 8. Qc2 a5 9. Nge2 0-0 10. Ng3 Nh4 11. Bg5 Ng6 12. h4 h6 13. Bd2 Nf4 14. Bxf4 exf4 15. Nge2 Be3 16. Nd1 Nd7 17. Nxe3 fxe3 18. Qc1 Qf6 19. Nc3 Qd4 20. Ke2 Ne5 21. Qxe3 Qxe3+ 22. Kxe3 f5 23. b3 Bd7 24. Rae1 Rf7 25. exf5 Nxd3 26. Kxd3 Bxf5+ 27. Kd2 Raf8 28. Nb5 b6 29. Nd4 Bd7 30. Re4 Kh7 31. Rhe1 Rf4 32. a3 R8f7 33. b4 axb4 34. axb4 g5 35. hxg5 hxg5 36. Kc3 g4 37. fxg4 Bxg4 38. Rxf4 Rxf4 39. Re7+ Kg6 40. Rxc7 Rf2 41. Rc6 Rxg2 42. Rxd6+ Kg5 43. c5 Rg3+ 44. Kc4 bxc5 45. bxc5 Bh3 46. c6 Bf1+ 47. Kb4 Rd3 48. Ne6+ Kf5 49. c7 Ke5 50. Rd8 Rd1 51. c8Q Rb1+ 52. Ka3 Ra1+ 53. Kb2 Rd1 54. Qc3+ Ke4 55. Nc5+ Kf4 56. Rf8+ Kg4 57. Qf3+ Kg5 58. Rg8+ Kh6 59. Qh1+ Bh3 60. Qxh3# 1-0

[Event "Titled Tuesday intern op 6th Dec 2pm"]
[Site "Chess.com INT"]
[Date "2016.12.06"]
[Round "9"]
[White "Chen, Forest"]
[Black "Noritsyn, Sergey"]
[Result "0-1"]
[WhiteElo "1946"]
[BlackElo "1972"]
[PlyCount "104"]
[EventDate "2016.12.06"]
[EventType "swiss (blitz)"]
[EventRounds "9"]
[EventCountry "USA"]
[SourceTitle "EXT 2021"]
[Source "ChessBase"]
[SourceDate "2020.10.23"]
[SourceVersion "1"]
[SourceVersionDate "2020.10.23"]
[SourceQuality "1"]

1. d4 d5 2. c4 dxc4 3. Nf3 Nf6 4. e3 e6 5. Bxc4 a6 6. Nc3 c5 7. 0-0 Be7 8. Qe2 Nbd7 9. Rd1 b5 10. Bd3 Qc7 11. Bd2 Bb7 12. Be1 0-0 13. Rac1 Rac8 14. dxc5 Nxc5 15. Bb1 Qb6 16. a3 Nb3 17. Rc2 Na1 18. Rcc1 Nb3 19. Rc2 Rfd8 20. Rxd8+ Rxd8 21. Nd2 Nxd2 22. Rxd2 Rxd2 23. Qxd2 Qc6 24. f3 g6 25. Bf2 b4 26. axb4 Bxb4 27. Qd4 Bxc3 28. bxc3 Nd5 29. c4 a5 30. Be4 f5 31. Bb1 a4 32. e4 Nf4 33. Qd2 Nh5 34. exf5 exf5 35. Ba2 Kg7 36. Bd4+ Kf8 37. Qh6+ Ke8 38. Qxh7 Qd6 39. Qh8+ Kd7 40. Qe5 Qa3 41. Qe2 Qc1+ 42. Kf2 Nf4 43. Qf1 Qd2+ 44. Kg3 Qxd4 45. Qe1 Ne6 46. Kh3 Ng5+ 47. Kg3 f4+ 48. Kg4 Ne6 49. Qb4 Bc6 50. Qa5 Qc5 51. Qa6 Qg5+ 52. Kh3 Qh5# 0-1

[Event "Titled Tuesday intern op 6th Dec 2pm"]
[Site "Chess.com INT"]
[Date "2016.12.06"]
[Round "7"]
[White "Chen, Forest"]
[Black "Perdomo, Carlos Andres"]
[Result "0-1"]
[WhiteElo "1946"]
[BlackElo "2299"]
[PlyCount "118"]
[EventDate "2016.12.06"]
[EventType "swiss (blitz)"]
[EventRounds "9"]
[EventCountry "USA"]
[SourceTitle "EXT 2021"]
[Source "ChessBase"]
[SourceDate "2020.10.23"]
[SourceVersion "1"]
[SourceVersionDate "2020.10.23"]
[SourceQuality "1"]

1. d4 d5 2. c4 e6 3. Nf3 Nf6 4. g3 Be7 5. Bg2 0-0 6. 0-0 b6 7. Qc2 Bb7 8. Bf4 Nbd7 9. Rd1 Rc8 10. Ne5 c6 11. Nc3 Nxe5 12. dxe5 Nd7 13. cxd5 cxd5 14. e4 dxe4 15. Bxe4 Bxe4 16. Qxe4 Qc7 17. Nb5 Nc5 18. Qe2 Qb7 19. Nd6 Bxd6 20. exd6 Nd7 21. Bg5 Rc5 22. Be7 Rfc8 23. h4 b5 24. h5 h6 25. Rd2 a6 26. Rad1 Re5 27. Qg4 Qe4 28. Qxe4 Rxe4 29. Kg2 Rc5 30. f3 Rec4 31. g4 Rc2 32. Kf2 f6 33. Bd8 Kf7 34. Ba5 e5 35. Bc3 Rxd2+ 36. Rxd2 Rc4 37. a3 Ke6 38. Bb4 Rd4 39. Rc2 Rc4 40. Rd2 Rc6 41. Ke3 Nb6 42. Ke4 Nc4 43. Rd1 Kd7 44. f4 Nxb2 45. Rb1 Rc4+ 46. Kf5 Rxf4+ 47. Kg6 Rxg4+ 48. Kh7 Nc4 49. Kg8 Rg5 50. Rd1 e4 51. Re1 e3 52. Re2 f5 53. Kf7 f4 54. Bc5 Rxc5 55. Kxg7 Rxh5 56. Kg6 Rd5 57. Kxh6 f3 58. Re1 f2 59. Rf1 Rf5 0-1

[Event "Titled Tuesday intern op 6th Dec 2pm"]
[Site "Chess.com INT"]
[Date "2016.12.06"]
[Round "5"]
[White "Grigorov, Grigor"]
[Black "Chen, Forest"]
[Result "0-1"]
[WhiteElo "2502"]
[BlackElo "1946"]
[PlyCount "86"]
[EventDate "2016.12.06"]
[EventType "swiss (blitz)"]
[EventRounds "9"]
[EventCountry "USA"]
[SourceTitle "EXT 2021"]
[Source "ChessBase"]
[SourceDate "2020.10.23"]
[SourceVersion "1"]
[SourceVersionDate "2020.10.23"]
[SourceQuality "1"]

1. d4 d5 2. Nf3 Nf6 3. c4 c6 4. Nbd2 e6 5. g3 c5 6. cxd5 Qxd5 7. dxc5 Bxc5 8. Bg2 0-0 9. 0-0 Nc6 10. a3 Be7 11. Qb3 Qh5 12. Qc4 e5 13. b4 Rd8 14. Bb2 a6 15. Rfd1 Be6 16. Qh4 Qxh4 17. Nxh4 Bd5 18. Nf5 Bf8 19. Ne3 Bxg2 20. Kxg2 b5 21. Rac1 Nd4 22. Bxd4 exd4 23. Nc2 d3 24. exd3 Rxd3 25. Ne4 Rb3 26. Nxf6+ gxf6 27. Nd4 Rxa3 28. Nf5 Bxb4 29. Rd7 Rc3 30. Rcd1 Bf8 31. Rb7 b4 32. Rdd7 b3 33. Ne3 a5 34. Nd5 Rc6 35. Rxf7 a4 36. Rxf6 Rc5 37. Rf5 Rxd5 38. Rxd5 a3 39. Rg5+ Kh8 40. Rh5 a2 41. Rbxh7+ Kg8 42. Rb7 a1Q 43. Rg5+ Bg7 0-1